| 000 | 003960000a22001690004500 | ||
|---|---|---|---|
| 003 | MACL | ||
| 005 | 20151229130449.0 | ||
| 008 | 151229b xxu||||| |||| 00| 0 eng d | ||
| 040 |
_aMACL _cMACL |
||
| 041 | _aEnglish | ||
| 082 | _a294/BRA | ||
| 100 |
_aBradazon, Francis _923785 |
||
| 245 | _aStar With God | ||
| 260 | _bEdwards & Shaw | ||
| 650 |
_aReligion _923786 |
||
| 942 |
_cBK _k294/bra _2ddc |
||
| 999 |
_c35593 _d35593 |
||